| 000 | 00610cab a2200217 4500 | ||
|---|---|---|---|
| 001 | X527 | ||
| 008 | 090401t1993 xxu||||| |||| 00| 0 eng d | ||
| 035 | _a(Sirsi) u66194 | ||
| 041 | _aeng | ||
| 100 | _aEade, C. | ||
| 245 | _aJLW criticised by DTI over `conflict of interest` | ||
| 260 | _c1993 | ||
| 350 | _a0 | ||
| 490 |
_aCSW - The Property Week _v42(11) 18 March 1993, 4(1) |
||
| 650 | _aCONFLICTS OF INTEREST | ||
| 650 | _aRICS APPRAISAL AND VALUATION MANUAL | ||
| 650 |
_aValuation _96273 |
||
| 690 | _aMANAGEMENT-BUSINESS MANAGEMENT-PROFESSIONAL PRACTICE | ||
| 942 | _n0 | ||
| 948 | _c04/03/1997 | ||
| 999 |
_c41381 _d41381 |
||